Central Library OPAC University of Rajshahi

বিজ্ঞানের দার্শনিক / (Record no. 47153)

MARC details
000 -LEADER
fixed length control field 01019nam a2200241 a 4500
001 - CONTROL NUMBER
control field 47153
003 - CONTROL NUMBER IDENTIFIER
rucl marc code BD-RjUL
005 - DATE AND TIME OF LATEST TRANSACTION
control field 20211209054251.0
008 - FIXED-LENGTH DATA ELEMENTS--GENERAL INFORMATION
fixed length control field 160807s1975 bg ||||| |||| 00| 0 ben d
035 ## - SYSTEM CONTROL NUMBER
System control number (BD-RjUL)47272
040 ## - CATALOGING SOURCE
Original cataloging agency BD-RjUL
Language of cataloging ben
Transcribing agency BD-RjUL
041 ## - LANGUAGE CODE
Language code of text/sound track or separate title ben
082 ## - DEWEY DECIMAL CLASSIFICATION NUMBER
Classification number 501
Edition number 23
Author mark and year BIG 1975
245 00 - TITLE STATEMENT
Title বিজ্ঞানের দার্শনিক /
Statement of responsibility, etc. সম্পাদনাঃ সাকসে কামিনস্, রবার্ট এন। লিনসকট
260 ## - PUBLICATION, DISTRIBUTION, ETC. (IMPRINT)
Place of publication, distribution, etc. ঢাকা :
Name of publisher, distributor, etc. বাংলা একাডেমী,
Date of publication, distribution, etc. ১৯৭৫
300 ## - PHYSICAL DESCRIPTION
Pagination ২২৯ পৃ. ;
Size ২১ সেমি.
650 ## - SUBJECT ADDED ENTRY--TOPICAL TERM
Topical term or geographic name as entry element বিজ্ঞান
Form subdivision দর্শনশাস্ত্র
9 (RLIN) 143591
Topical term or geographic name as entry element Science
Form subdivision Philosophy
9 (RLIN) 122897
700 ## - ADDED ENTRY--PERSONAL NAME
Personal name সম্পাদনাঃ কামিনস্, সাকসে
Personal name লিনসকট, রবার্ট এন.
Personal name অনুবাদঃ ফজলুল করিম
942 ## - ADDED ENTRY ELEMENTS (KOHA)
Source of classification or shelving scheme Dewey Decimal Classification
Koha item type Books
Holdings
Lost status Source of classification or shelving scheme Damaged status Not for loan Collection code Permanent Location Current Location Shelving location Date acquired Source of acquisition Cost, normal purchase price Total Checkouts Full call number Date last seen Copy number Koha item type
  Dewey Decimal Classification     Non-fiction Central Library, University of Rajshahi Central Library, University of Rajshahi   26/06/1978 Europ book agency 15.00   B 501 BIG 1975 07/08/2016 C-2 Books
  Dewey Decimal Classification     Non-fiction Central Library, University of Rajshahi Central Library, University of Rajshahi   26/06/1978 Bangla academi, Dhaka 15.00   B 501 BIG 1975 07/08/2016 C-3 Books
  Dewey Decimal Classification     Non-fiction Central Library, University of Rajshahi Central Library, University of Rajshahi   26/06/1978 Bangla academi, Dhaka 15.00   B 501 BIG 1975 07/08/2016 C-4 Books
  Dewey Decimal Classification     Non-fiction Central Library, University of Rajshahi Central Library, University of Rajshahi   26/06/1978 Europ book agency 15.00   B 501 BIG 1975 07/08/2016 C-5 Books
  Dewey Decimal Classification   Not For Loan Non-fiction Central Library, University of Rajshahi Central Library, University of Rajshahi Reading Room 26/06/1978 Uraka Book agency 15.00   B 501 BIG 1975 22/04/2017 C-1 Books